[Event "Scarborough CC Winter End U1400"]
[Site "Toronto"]
[Date "2012.03.01"]
[Round "3"]
[White "Wu, Mark"]
[Black "Stroempl, Hedi"]
[Result "1-0"]
[WhiteElo "992"]
[BlackElo "1061"]
[PlyCount "69"]
[EventDate "2012.02.16"]
[EventType "swiss"]
[EventRounds "5"]
[EventCountry "CAN"]
[SourceTitle "EXT 2022"]
[Source "ChessBase"]
[SourceDate "2021.10.06"]
[SourceVersion "1"]
[SourceVersionDate "2021.10.06"]
[SourceQuality "1"]

1. d4 d5 2. c4 e6 3. Nc3 Nf6 4. Bg5 Be7 5. Nf3 h6 6. Bxf6 Bxf6 7. e4 dxe4 8. Nxe4 b6 9. Be2 0-0 10. 0-0 Nd7 11. Qc2 Bb7 12. Nxf6+ Qxf6 13. Rfd1 Rad8 14. Rd2 Rfe8 15. Rad1 Qe7 16. b3 c5 17. d5 exd5 18. cxd5 Qf8 19. d6 Re6 20. Bc4 Rg6 21. Qxg6 Bxf3 22. Bxf7+ Qxf7 23. Qxf7+ Kxf7 24. gxf3 Re8 25. Kg2 g5 26. Kg3 Kg6 27. f4 Nf6 28. fxg5 Ne4+ 29. Kg4 Nxd2 30. Rxd2 hxg5 31. f4 Re4 32. d7 Rxf4+ 33. Kg3 Rd4 34. Rxd4 cxd4 35. d8Q 1-0

[Event "Scarborough CC Frost U1400"]
[Site "Toronto"]
[Date "2012.02.02"]
[Round "5"]
[White "Maurer, Hans"]
[Black "Stroempl, Hedi"]
[Result "0-1"]
[WhiteElo "945"]
[BlackElo "1033"]
[PlyCount "68"]
[EventDate "2012.01.05"]
[EventType "swiss"]
[EventRounds "6"]
[EventCountry "CAN"]
[SourceTitle "EXT 2022"]
[Source "ChessBase"]
[SourceDate "2021.10.06"]
[SourceVersion "1"]
[SourceVersionDate "2021.10.06"]
[SourceQuality "1"]

1. e4 c5 2. Nf3 Nc6 3. Bc4 h6 4. d3 e5 5. 0-0 d6 6. h3 Nf6 7. Nc3 a6 8. Be3 Be7 9. Nd5 Nxd5 10. Bxd5 Bd7 11. Nh4 Bxh4 12. Qh5 0-0 13. Qf3 Qf6 14. Qxf6 Bxf6 15. c3 Rab8 16. Rad1 Ne7 17. Bb3 b5 18. Rd2 a5 19. c4 a4 20. Bd1 b4 21. b3 axb3 22. axb3 Ra8 23. Kh2 Ra1 24. Be2 Ra3 25. Bd1 Rfa8 26. f4 Nc6 27. f5 Na5 28. Rb2 Nc6 29. g3 Ra1 30. Be2 Rxf1 31. Bxf1 Ra3 32. h4 Na5 33. Bd2 Nxb3 34. Bc1 Nxc1 0-1

[Event "Scarborough CC Howard Ridout U1800"]
[Site "Toronto"]
[Date "2011.10.13"]
[Round "4"]
[White "Raphael, Raymond"]
[Black "Stroempl, Hedi"]
[Result "1-0"]
[WhiteElo "1715"]
[BlackElo "1079"]
[PlyCount "63"]
[EventDate "2011.09.08"]
[EventType "swiss"]
[EventRounds "6"]
[EventCountry "CAN"]
[SourceTitle "EXT 2022"]
[Source "ChessBase"]
[SourceDate "2021.10.06"]
[SourceVersion "1"]
[SourceVersionDate "2021.10.06"]
[SourceQuality "1"]

1. e4 c5 2. Nf3 Nc6 3. d4 cxd4 4. Nxd4 Qc7 5. Nc3 Nxd4 6. Qxd4 e6 7. Be3 b6 8. Qc4 Qxc4 9. Bxc4 Bb7 10. a3 d6 11. Bb5+ Ke7 12. 0-0-0 g6 13. f4 f5 14. e5 Rd8 15. Rd2 d5 16. Rhd1 Nh6 17. h3 Bg7 18. Ne2 Ba8 19. Nd4 Nf7 20. c4 Rc8 21. Rc2 Rhd8 22. Rdd2 Bb7 23. Kb1 h6 24. b4 g5 25. cxd5 Bxd5 26. Bc6 gxf4 27. Bxf4 Nxe5 28. Bxd5 Rxc2 29. Rxc2 exd5 30. Bxe5 Rg8 31. Bxg7 Rxg7 32. Nxf5+ 1-0

[Event "Scarborough CC Spring Into Summer U1700"]
[Site "Toronto"]
[Date "2011.06.02"]
[Round "5"]
[White "Liu, Peter"]
[Black "Stroempl, Hedi"]
[Result "1-0"]
[WhiteElo "1332"]
[BlackElo "1067"]
[PlyCount "123"]
[EventDate "2011.04.28"]
[EventType "swiss"]
[EventRounds "9"]
[EventCountry "CAN"]
[SourceTitle "EXT 2022"]
[Source "ChessBase"]
[SourceDate "2021.10.06"]
[SourceVersion "1"]
[SourceVersionDate "2021.10.06"]
[SourceQuality "1"]

1. e4 e5 2. Nf3 Nc6 3. Bb5 Nf6 4. 0-0 Nxe4 5. Re1 Nd6 6. Bxc6 bxc6 7. Nxe5 Be7 8. d4 0-0 9. Nc3 Bb7 10. Qg4 Bc8 11. Bh6 Bf6 12. Ne4 Nxe4 13. Rxe4 d6 14. Nxc6 Bxg4 15. Nxd8 Bf5 16. Rf4 Bxc2 17. Nc6 Bd8 18. Nxd8 Rfxd8 19. Rg4 Bg6 20. Bf4 Rab8 21. b3 Re8 22. h3 h6 23. Rc1 Rbc8 24. a4 Bf5 25. Rg3 Re4 26. Bxd6 cxd6 27. Rxc8+ Bxc8 28. Rc3 Be6 29. Rd3 Re1+ 30. Kh2 Rb1 31. d5 Bf5 32. Re3 Bc2 33. Re7 a6 34. Ra7 Bxb3 35. Rxa6 Bxd5 36. Rxd6 Bb7 37. Rd8+ Kh7 38. Rb8 Be4 39. Re8 Bc6 40. Re7 f6 41. a5 Ra1 42. Ra7 Kg6 43. Kg3 Kg5 44. Rxg7+ Kf5 45. Rc7 Bd5 46. Ra7 h5 47. f3 Ra3 48. Kf2 Kf4 49. g3+ Ke5 50. Rh7 Rxf3+ 51. Kg2 Ra3+ 52. Kf2 Ra2+ 53. Ke3 Ra3+ 54. Kf2 Rf3+ 55. Kg2 Rf5+ 56. Kg1 Kd4 57. a6 Re5 58. a7 Bf3 59. Kf2 Bd5 60. Rd7 Kc5 61. Rxd5+ Rxd5 62. a8Q 1-0

[Event "Scarborough CC Falling Leaves U1700"]
[Site "Toronto"]
[Date "2010.11.11"]
[Round "3"]
[White "Lin, Benjamin1"]
[Black "Stroempl, Hedi"]
[Result "1/2-1/2"]
[WhiteElo "1085"]
[BlackElo "1040"]
[PlyCount "64"]
[EventDate "2010.10.28"]
[EventType "swiss"]
[EventRounds "7"]
[EventCountry "CAN"]
[SourceTitle "EXT 2022"]
[Source "ChessBase"]
[SourceDate "2021.10.06"]
[SourceVersion "1"]
[SourceVersionDate "2021.10.06"]
[SourceQuality "1"]

1. c4 e5 2. Nf3 Nc6 3. d3 d6 4. Nc3 h6 5. h3 Nf6 6. e4 Be7 7. Be2 b6 8. 0-0 0-0 9. Be3 Bb7 10. a3 a5 11. Qd2 Qd7 12. Nd5 Nxd5 13. cxd5 Na7 14. Bxh6 gxh6 15. Qxh6 Rfe8 16. Ng5 Bxg5 17. Qxg5+ Kf8 18. Qh6+ Ke7 19. a4 Rg8 20. Qh4+ Kf8 21. Bg4 Qe7 22. Qh6+ Ke8 23. f4 Bc8 24. Bxc8 Rxc8 25. f5 Qf8 26. Qc1 Kd7 27. Qc4 c6 28. dxc6+ Rxc6 29. Qa6 Qa8 30. Rac1 Qb8 31. Rxc6 Nxc6 32. Qb5 Qc7 1/2-1/2